Concepts of modern physics / (Record no. 318)

MARC details
000 -LEADER
fixed length control field 00673pam a2200253 a 4500
001 - CONTROL NUMBER
control field 3014306
003 - CONTROL NUMBER IDENTIFIER
control field OSt
005 - DATE AND TIME OF LATEST TRANSACTION
control field 20250420134805.0
008 - FIXED-LENGTH DATA ELEMENTS--GENERAL INFORMATION
fixed length control field 940428s1995 nyua 000 0 eng
010 ## - LIBRARY OF CONGRESS CONTROL NUMBER
LC control number 94017477
020 ## - INTERNATIONAL STANDARD BOOK NUMBER
International Standard Book Number 9789814595261
040 ## - CATALOGING SOURCE
Original cataloging agency DLC
Transcribing agency KCST
Modifying agency KCST
050 00 - LIBRARY OF CONGRESS CALL NUMBER
Classification number QC21.2
Item number .B448 1995
082 00 - DEWEY DECIMAL CLASSIFICATION NUMBER
Classification number 539
Edition information 20
Item number Be Co
100 1# - MAIN ENTRY--PERSONAL NAME
Personal name Beiser, Arthur.
9 (RLIN) 1110
245 10 - TITLE STATEMENT
Title Concepts of modern physics /
Statement of responsibility, etc. Arthur Beiser, Kok Wai Cheah
250 ## - EDITION STATEMENT
Edition statement 6th ed.
260 ## - PUBLICATION, DISTRIBUTION, ETC.
Place of publication, distribution, etc. New York :
Name of publisher, distributor, etc. McGraw-Hill,
Date of publication, distribution, etc. 2015.
300 ## - PHYSICAL DESCRIPTION
Extent xi, 563 p. :
Other physical details ill. ;
Dimensions 26 cm.
650 #0 - SUBJECT ADDED ENTRY--TOPICAL TERM
Topical term or geographic name entry element Physics
Form subdivision Textbooks.
9 (RLIN) 638
700 ## - ADDED ENTRY--PERSONAL NAME
Personal name Cheah, Kok Wai
9 (RLIN) 1111
942 ## - ADDED ENTRY ELEMENTS (KOHA)
Koha item type Book
942 ## - ADDED ENTRY ELEMENTS (KOHA)
Source of classification or shelving scheme Dewey Decimal Classification
Holdings
Withdrawn status Lost status Source of classification or shelving scheme Damaged status Not for loan Home library Current library Date acquired Cost, normal purchase price Total checkouts Full call number Barcode Date last seen Price effective from Koha item type
    Dewey Decimal Classification     KCST Library KCST Library 30/01/2020 25.84   539 Be Co 1000000417 30/01/2020 30/01/2020 Book
© 2025 KCST. All rights reserved